Statistics for 5 Countries with the Most Subways by Continent

Click here to take the quiz!

General Stats

  • This quiz has been taken 39 times
  • The average score is 25 of 28

Answer Stats

Continent#Country% Correct
North America2,934Canada
100%
North America771Mexico
100%
Asia523South Korea
100%
Europe2,192United Kingdom
100%
North America20,810United States
100%
South America65Argentina
97%
Oceania1,216Australia
97%
South America1,609Brazil
97%
Asia529China
97%
South America232Colombia
97%
Europe380France
97%
Europe645Germany
97%
Asia650India
97%
Oceania242New Zealand
97%
Europe445Russia
97%
South America195Chile
95%
Africa17South Africa
95%
Africa5Egypt
92%
North America70Panama
92%
Africa7Kenya
81%
South America30Uruguay
81%
Asia300Malaysia
73%
Europe187Netherlands
73%
Africa7Tanzania
73%
Oceania1Marshall Islands
68%
Asia205Saudi Arabia
65%
North America85El Salvador
54%
Africa10Mauritius
41%

Score Distribution

Percentile by Number Answered

Percent of People with Each Score

Your Score History

You have not taken this quiz